000 00549nam a2200229Ia 4500
003 OSt
005 20220924142556.0
006 a|||||r|||| 00| 0
007 ta
008 ASM
024 _a302462
037 _cTextual
040 _aARTS
_cARTS
_bASM
041 _2ASM
_aASM
082 _aO142,3M68,C, 158M2.1
100 _aMaral Sada
_9213649
245 0 _aMaxim gorky
260 _c1982
650 _aRUSSIAN LITERATURE
_915056
942 _hO142,3M68,C, 158M2.1
_cTEXL
_2CC
999 _c451166
_d451166